| 000 | 01307nam a22002657a 4500 | ||
|---|---|---|---|
| 999 |
_c821 _d821 |
||
| 003 | AR-CdUCM | ||
| 008 | 190225b ||||| |||| 00| 0 spa d | ||
| 040 |
_aMUNICIPALIDAD PROVINCIAL DEL CUSCO _cBIBLIOTECA MUNICIPAL DEL CUSCO |
||
| 082 |
_a 985.03 / _bM38 |
||
| 100 |
_aMeiklejohn, Norman _93109 |
||
| 245 | _aLa Iglesia y los lupaqas de Chucuito durante la Colonia / | ||
| 260 |
_aCusco : _bCentro de estudios Rurales Andinos "Bartolomé de las Casas"; _bInstituto de Estudios Aymaras, _c1988. |
||
| 300 |
_a284 páginas ; _c23.4 cm. |
||
| 440 |
_aArchivos de Historia Andina _n, 7. _93110 |
||
| 505 | _aContenido: Chucuito perenne -- Chucuito bajo los dominicos, 1547-1573 -- Los Obispos de la Paz. Su actuación pastoral en pro de los Lupacas -- Los canónigos capitulares de la La Paz se interesan poco por loa Lupacas -- Los curas y sus ayudantes: algunos buscaban el provecho espiritual de sus ovejas -- Los jesuitas de Juli: doctrineros modelo -- ¿Los Lupacas fueron evangelizados o solamente cristianizados?. | ||
| 650 |
_aLupacas _93111 |
||
| 650 |
_aColonia _91685 |
||
| 650 |
_aEvangelización _93112 |
||
| 650 |
_aChucuito _93113 |
||
| 650 |
_aLa Paz _9620 |
||
| 650 |
_aHistoria de la Iglesia _93114 |
||
| 650 |
_aPueblo Colla _93115 |
||
| 942 |
_2ddc _cLIBROS |
||
| 945 |
_alccs _d2019-02-25 |
||